Electrical Drawing for national certificate students (Record no. 41456)

MARC details
000 -LEADER
fixed length control field 00489nam a2200133 a 4500
008 - FIXED-LENGTH DATA ELEMENTS--GENERAL INFORMATION
fixed length control field 080109s1963 ||||||||||||||||| || u
050 ## - LIBRARY OF CONGRESS CALL NUMBER
Classification number TK 431 Hew
100 ## - MAIN ENTRY--PERSONAL NAME
Personal name Hewitt, T. H
245 10 - TITLE STATEMENT
Title Electrical Drawing for national certificate students
260 ## - PUBLICATION, DISTRIBUTION, ETC.
Place of publication, distribution, etc. London
Name of publisher, distributor, etc. Cleaver-Hume Press
Date of publication, distribution, etc. 1963
300 ## - PHYSICAL DESCRIPTION
Extent (viii), 167p. : ill.
350 ## - PRICE (NR) (BK AM CF MU VM SE) [OBSOLETE]
Price 0.00
995 ## - RECOMMENDATION 995 [LOCAL, UNIMARC FRANCE]
-- 0.00
-- CBU-MAIN LIBRARY (Kitwe)
-- 2
-- 3.65
-- DAMAGED
-- Main Library Open Access Collection
Holdings
Withdrawn status Lost status Source of classification or shelving scheme Damaged status Not for loan Home library Current library Shelving location Date acquired Total Checkouts Full call number Barcode Date last seen Price effective from Koha item type
          CBU-MAIN LIBRARY, KITWE. CBU-MAIN LIBRARY, KITWE.   11/30/2022   TK 431 Hew 016421 11/30/2022 11/30/2022 MONOGRAPH